[Event "Mechanics' Mar TNM; 30/90, SD/30"]
[Site "San Francisco"]
[Date "2012.09.11"]
[Round "7.11"]
[White "Ryaboy, Vadim"]
[Black "Margulis, Igor"]
[Result "0-1"]
[WhiteElo "1781"]
[BlackElo "2100"]
[Annotator "Donaldson"]
[PlyCount "47"]
[EventDate "2012.??.??"]

1. e4 d5 2. exd5 Nf6 3. d4 Nxd5 4. c4 Nb6 5. Nc3 g6 6. c5 Nd5 7. Bc4 Be6 8. Qb3
Nxc3 9. Bxe6 fxe6 10. bxc3 Qd5 11. Nf3 Bg7 12. O-O O-O 13. Re1 Nc6 14. Rxe6
Rad8 15. Qxd5 Rxd5 16. Rb1 Bf6 17. Rxb7 $2 Nd8 18. Rxf6 exf6 19. Rxc7 {
White has an overwhelming advantage.} Rf7 20. Rxf7 Kxf7 21. Nd2 (21. c4 Rd7 22.
d5 {was more natural.}) 21... Nc6 22. Nc4 Rd8 23. Nd6+ Ke6 24. f3 {Both scoresh
eets are impossible to read beyond this point, where chances are roughly equal.
Margulis later outplayed his opponent and went on to win.} 0-1

[Event "Mechanics' Winter TNM; 30/90, SD/30"]
[Site "San Francisco"]
[Date "2012.02.07"]
[Round "6.15"]
[White "Salvo, Tab"]
[Black "Krasnov, Steven"]
[Result "0-1"]
[WhiteElo "1714"]
[BlackElo "1983"]
[PlyCount "116"]
[EventDate "2012.??.??"]

1. Nf3 g6 2. c4 Bg7 3. g3 e5 4. d3 Ne7 5. Bg2 Nbc6 6. Nbd2 O-O 7. O-O d6 8. a3
h6 9. Re1 Be6 10. e3 Qd7 11. Nf1 Bg4 12. Qe2 a5 13. Rb1 a4 14. b3 axb3 15. Rxb3
b6 16. Rb1 Ra7 17. Bb2 Kh7 18. N1d2 Be6 19. d4 exd4 20. Nxd4 Nxd4 21. exd4 Bf5
22. Ne4 c6 23. d5 cxd5 24. cxd5 Nxd5 25. Rbd1 Ra5 26. Bxg7 Kxg7 27. Qb2+ f6 28.
Qd2 Re8 29. Qb2 Rb5 30. Qa1 Re5 31. f4 Re6 32. h3 Ra5 33. Qc1 Qe7 34. Nf2 Ne3
35. Rxe3 Rxe3 36. g4 Rc5 37. Qd2 Bc2 38. Rc1 Re2 39. Qb4 Qe3 40. Rf1 b5 41. Qa5
Bd3 42. Qa7+ Qe7 43. Qxe7+ Rxe7 44. Nxd3 Rc3 45. Nb4 Rxa3 46. Rd1 Ra4 47. Nd5
Rea7 48. Bf1 b4 49. Nb6 Ra1 50. Rxd6 b3 51. Nc4 Rc7 52. Nd2 b2 53. Rb6 Rc2 54.
Rb7+ Kf8 55. Rb8+ Ke7 56. Rb7+ Kd8 57. Rb8+ Kc7 58. Rb3 Rxd2 0-1

[Event "Mechanics' Winter TNM; 30/90, SD/30"]
[Site "San Francisco"]
[Date "2012.01.17"]
[Round "3.9"]
[White "Salvo, Tab"]
[Black "Lin, Michael"]
[Result "0-1"]
[WhiteElo "1714"]
[BlackElo "2056"]
[Annotator "Donaldson"]
[PlyCount "96"]
[EventDate "2012.??.??"]

1. Nf3 c5 2. c4 Nc6 3. g3 Nf6 4. b3 d5 5. cxd5 Nxd5 6. Bb2 f6 7. Bg2 e5 8. d3 (
8. O-O Be7 9. Ne1 O-O 10. Nc3 Be6 11. Nd3) 8... Be7 9. O-O Be6 10. Nbd2 (10.
Nc3) 10... O-O 11. Rc1 Qd7 12. Re1 Rac8 13. a3 Rfd8 14. Qc2 Kh8 (14... Nd4 15.
Qb1) 15. Ne4 (15. e3 Nb6 16. Bf1) 15... b6 (15... Nd4 16. Nxd4 cxd4 17. Qb1 f5
18. Nd2 Nc3 19. Bxc3 dxc3 20. Nc4 Qc7 21. a4 Bb4) 16. Ned2 (16. e3) 16... Bf8
17. Nc4 Nd4 18. Qd1 Bg4 19. Nxd4 cxd4 20. Qd2 Be6 (20... Qb5 21. b4 Nxb4 22.
axb4 Bxb4) 21. Qd1 Qb5 22. e3 dxe3 23. fxe3 Qd7 24. d4 exd4 (24... b5) 25. exd4
Bh3 26. Bf3 Re8 27. Bh5 g6 28. Bf3 Bh6 29. Rc2 Rxe1+ 30. Qxe1 Re8 31. Re2 Rxe2
32. Qxe2 Be6 33. Kh1 Kg8 34. a4 Bf8 35. Nd2 Kf7 36. Ne4 h6 37. Qf2 f5 38. Nd2
Bg7 39. Nc4 Ne7 40. Ne5+ $2 (40. Qe3) 40... Bxe5 41. dxe5 Bxb3 42. Qe3 Bd5 43.
Kg1 Bxf3 44. Qxf3 Nc6 45. Qc3 Ke6 46. Kf2 Qd5 47. h4 Qc5+ 48. Qxc5 bxc5 0-1

[Event "Mechanics' Winter TNM; 30/90, SD/30"]
[Site "San Francisco"]
[Date "2012.02.14"]
[Round "7.20"]
[White "Salvo, Tab"]
[Black "Lkhagvatsoght, Noel"]
[Result "1-0"]
[WhiteElo "1714"]
[BlackElo "662"]
[PlyCount "65"]
[EventDate "2012.??.??"]

1. Nf3 c5 2. c4 d6 3. g3 Nc6 4. Bg2 g6 5. O-O Bg7 6. e3 Bg4 7. h3 Bf5 8. d3 e5
9. Nc3 Nf6 10. e4 Be6 11. a3 Qc7 12. Rb1 a5 13. Be3 O-O 14. b3 b6 15. Qd2 Qe7
16. Bh6 Rfe8 17. Bxg7 Kxg7 18. Rfd1 Red8 19. Nd5 Qb7 20. Ne3 Qe7 21. Nd5 Bxd5
22. cxd5 Nd4 23. Nxd4 cxd4 24. Rdc1 Qb7 25. Rc6 Rd7 26. Rbc1 Ne8 27. Qc2 h6 28.
h4 h5 29. Bh3 Rdd8 30. Rf1 b5 31. f4 f6 32. fxe5 dxe5 33. Rfxf6 1-0

[Event "Mechanics' Fall TNM; 30/90, SD/30"]
[Site "San Francisco"]
[Date "2012.12.11"]
[Round "9.15"]
[White "Sherwood, Peter"]
[Black "Allen, Tom"]
[Result "1-0"]
[WhiteElo "1780"]
[BlackElo "1504"]
[PlyCount "63"]
[EventDate "2012.??.??"]

1. e4 e5 2. Nf3 Nc6 3. Bb5 f5 4. Nc3 fxe4 5. Nxe4 d5 6. Nxe5 dxe4 7. Nxc6 Qd5
8. c4 Qd6 9. Qh5+ g6 10. Qe5+ Qxe5 11. Nxe5+ c6 12. Ba4 Nf6 13. O-O Bc5 14. Kh1
O-O 15. f4 Ng4 16. Nxg4 Bxg4 17. Bd1 Bxd1 18. Rxd1 Rxf4 19. d4 Bd6 20. Bxf4
Bxf4 21. Re1 Re8 22. g3 Bh6 23. Re2 e3 24. Kg2 c5 25. d5 Re4 26. b3 Kf7 27. Rd1
Rd4 28. Rf1+ Ke7 29. Kf3 Rd2 30. Rxd2 exd2 31. Ke2 Kd6 32. Rf7 1-0

[Event "Mechanics' Winter TNM; 30/90, SD/30"]
[Site "San Francisco"]
[Date "2012.01.03"]
[Round "1.17"]
[White "Sherwood, Peter"]
[Black "Cowgill, Jackie"]
[Result "1-0"]
[WhiteElo "1769"]
[BlackElo "848"]
[PlyCount "60"]
[EventDate "2012.??.??"]

1. e4 e5 2. Nf3 Nc6 3. Bb5 a6 4. Ba4 Nf6 5. O-O Be7 6. Re1 b5 7. Bb3 O-O 8. c3
Re8 9. d3 Na5 10. Nxe5 Nxb3 11. Qxb3 Rf8 12. Be3 Bb7 13. Nd2 d6 14. Nef3 c5 15.
Qc2 Re8 16. Nf1 Qc7 17. Ng3 d5 18. e5 Ng4 19. Bf4 d4 20. cxd4 Bxf3 21. gxf3 Nh6
22. d5 Qd8 23. d6 Bg5 24. Qd2 Qd7 25. Bxg5 Nf5 26. Nxf5 Qxf5 27. Qf4 Qg6 28.
Qg3 h6 29. Bf6 gxf6 30. exf6 Rxe1+ 1-0

[Event "Mechanics' Winter TNM; 30/90, SD/30"]
[Site "San Francisco"]
[Date "2012.02.14"]
[Round "7.13"]
[White "Sherwood, Peter"]
[Black "Curto, Barry"]
[Result "1-0"]
[WhiteElo "1769"]
[BlackElo "1900"]
[PlyCount "101"]
[EventDate "2012.??.??"]

1. e4 c5 2. Nf3 d6 3. d4 cxd4 4. Nxd4 Nf6 5. Nc3 a6 6. Be3 e5 7. Nb3 Be6 8. f3
d5 9. exd5 Nxd5 10. Nxd5 Qxd5 11. Qxd5 Bxd5 12. O-O-O Bxb3 13. axb3 Nc6 14. Bd3
Bb4 15. c3 Be7 16. Bf5 Rd8 17. Bb6 Rd6 18. Bc7 Rxd1+ 19. Rxd1 O-O 20. Rd7 Bg5+
21. Kc2 f6 22. Be6+ Kh8 23. Bb6 Rb8 24. Bd5 g6 25. Kd3 f5 26. Bc7 Re8 27. b4
Bh4 28. g3 Bg5 29. b3 Bc1 30. Bxc6 bxc6 31. Rd6 e4+ 32. fxe4 fxe4+ 33. Ke2 Re7
34. Rxc6 Rf7 35. Be5+ Kg8 36. Rc8+ Rf8 37. Rxf8+ Kxf8 38. Bd4 Bg5 39. Be3 Bf6
40. c4 Bc3 41. Bc5+ Kf7 42. Ke3 Ke6 43. Kxe4 h5 44. Kf4 Bd2+ 45. Ke4 g5 46. b5
axb5 47. cxb5 h4 48. g4 h3 49. Be3 Be1 50. Bxg5 Bg3 51. Bf4 1-0

[Event "Mechanics' Mar TNM; 30/90, SD/30"]
[Site "San Francisco"]
[Date "2012.07.31"]
[Round "1.2"]
[White "Sherwood, Peter"]
[Black "Fuentes, Romulo"]
[Result "0-1"]
[WhiteElo "1784"]
[BlackElo "2205"]
[PlyCount "64"]
[EventDate "2012.??.??"]

1. e4 c5 2. Nf3 d6 3. d4 cxd4 4. Nxd4 Nf6 5. Nc3 a6 6. Be3 e5 7. Nb3 Be6 8. f3
Be7 9. Qd2 O-O 10. O-O-O a5 11. Bb5 Nc6 12. Kb1 Qb8 13. Nd5 Bxd5 14. exd5 a4
15. Nc1 Na5 16. Bb6 Bd8 17. Bxd8 Rxd8 18. Rhe1 Rc8 19. Qe2 Rc5 20. c4 Rc8 21.
Qd3 b6 22. Ne2 Ne8 23. Nc3 a3 24. b3 Nc7 25. Re4 Nxb5 26. Nxb5 Nb7 27. Rh4 h6
28. Qf5 Rd8 29. Qg4 Qc8 30. Qh5 Qc5 31. Qf5 Qf2 32. Qc2 Qxh4 0-1

[Event "Mechanics' Mar TNM; 30/90, SD/30"]
[Site "San Francisco"]
[Date "2012.09.04"]
[Round "6.16"]
[White "Sherwood, Peter"]
[Black "Harris, Clarence"]
[Result "1-0"]
[WhiteElo "1784"]
[BlackElo "1346"]
[PlyCount "93"]
[EventDate "2012.??.??"]

1. e4 e5 2. Nf3 Nc6 3. Bb5 a6 4. Ba4 Nf6 5. O-O Be7 6. Re1 b5 7. Bb3 O-O 8. c3
d5 9. exd5 Nxd5 10. Nxe5 Nxe5 11. Rxe5 c6 12. d4 Bd6 13. Re1 Qh4 14. g3 Qh3 15.
Qf3 Bg4 16. Qg2 Qh5 17. Be3 Rae8 18. Nd2 Re6 19. Bd1 Bxd1 20. Raxd1 f5 21. Qf3
Qf7 22. Nf1 f4 23. Bd2 Rf6 24. g4 Qg6 25. h3 h5 26. Nh2 Ne3 27. fxe3 fxe3 28.
Qxe3 Bxh2+ 29. Kxh2 Rf2+ 30. Kg3 h4+ 31. Kxh4 Qh7+ 32. Kg3 R2f6 33. Qe4 g6 34.
Bg5 Qc7+ 35. Qe5 Rf3+ 36. Kg2 Rf2+ 37. Kg1 Qh7 38. h4 Qf7 39. Qe6 Qxe6 40. Rxe6
Rc2 41. Rd2 Rc1+ 42. Kg2 Rff1 43. Rf6 Rg1+ 44. Kf3 Rcf1+ 45. Rf2 Re1 46. Rxg6+
Kf7 47. Rxc6 1-0

[Event "Mechanics' Spring TNM; 30/90, SD/30"]
[Site "San Francisco"]
[Date "2012.04.24"]
[Round "7.21"]
[White "Sherwood, Peter"]
[Black "Krasnov, Steven"]
[Result "1/2-1/2"]
[WhiteElo "1727"]
[BlackElo "2033"]
[PlyCount "69"]
[EventDate "2012.??.??"]

1. e4 Nc6 2. d4 d5 3. e5 g6 4. Nc3 Bg7 5. Be3 a6 6. f4 f6 7. Nf3 Bg4 8. Be2 e6
9. h3 Bxf3 10. Bxf3 Nge7 11. g4 fxe5 12. fxe5 Bxe5 13. dxe5 d4 14. Ne4 dxe3 15.
Nf6+ Kf7 16. O-O Kg7 17. Qe1 Nxe5 18. Qxe3 Nxf3+ 19. Rxf3 Nd5 20. Qe5 Nxf6 21.
g5 Rf8 22. Raf1 Qd6 23. gxf6+ Kf7 24. Qg5 Kg8 25. f7+ Kg7 26. Qf6+ Kh6 27. Rf4
Qc5+ 28. Kh1 Qd5+ 29. Kh2 Qd6 30. Kh1 Qd5+ 31. R1f3 Qd1+ 32. Kg2 Qd2+ 33. Kg3 (
{winning was} 33. Rf2 Qd5+ 34. Kh2 Qd6 35. Kg1 Qd1+ 36. Rf1) 33... Qe1+ 34. Kg2
Qd2+ 35. Kg3 1/2-1/2

[Event "Mechanics' Mar TNM; 30/90, SD/30"]
[Site "San Francisco"]
[Date "2012.08.14"]
[Round "3.25"]
[White "Sherwood, Peter"]
[Black "Langrog, Alex"]
[Result "1-0"]
[WhiteElo "1784"]
[BlackElo "1347"]
[PlyCount "81"]
[EventDate "2012.??.??"]

1. e4 c5 2. Nf3 Nc6 3. d4 cxd4 4. Nxd4 e5 5. Nb5 Bc5 6. Nd6+ Bxd6 7. Qxd6 Qe7
8. Qxe7+ Ngxe7 9. Nc3 O-O 10. Be3 f5 11. Bc4+ Kh8 12. O-O-O fxe4 13. Nxe4 Nf5
14. Bc5 Rd8 15. Ng5 Nh6 16. Rd2 b6 17. Bd6 Bb7 18. f3 Rac8 19. Bd5 Ba6 20. Rhd1
Re8 21. Be4 Nd4 22. Bxh7 Rc6 23. Bb4 Rec8 24. Bc3 Nhf5 25. Bxf5 Nxf5 26. Rxd7
Nd4 27. Nf7+ Kh7 28. Nxe5 Ne2+ 29. Kb1 Nxc3+ 30. bxc3 Rxc3 31. R1d2 R8c5 32.
R7d5 Rc7 33. Kb2 Bc8 34. Nd3 Be6 35. Rh5+ Kg8 36. Nf4 Kf7 37. Nxe6 Kxe6 38.
Rhd5 a5 39. Rd6+ Ke5 40. Rxb6 Kf4 41. Re2 1-0

[Event "Mechanics' Spring TNM; 30/90, SD/30"]
[Site "San Francisco"]
[Date "2012.03.20"]
[Round "2.27"]
[White "Sherwood, Peter"]
[Black "Lazaro, Fernando"]
[Result "1-0"]
[WhiteElo "1727"]
[BlackElo "1300"]
[PlyCount "125"]
[EventDate "2012.??.??"]

1. e4 g6 2. d4 d6 3. Nf3 Bd7 4. Bc4 e6 5. O-O Bg7 6. Be3 h6 7. Nc3 Ne7 8. Qd2
Nbc6 9. Rfe1 g5 10. Rad1 O-O 11. Ne2 Qc8 12. Ng3 Be8 13. Nh5 Bh8 14. h4 f6 15.
Ng3 Bg6 16. hxg5 fxg5 17. Nh2 Kh7 18. Qe2 e5 19. d5 {now B made the illegal
move Nc6-e8, but W did not notice. The next 4 moves get us to the position
that was played.} Nd8 20. -- Ne6 21. -- Ng7 22. -- Ne8 23. Bd3 Nf6 24. c4 b6
25. Rc1 Qd7 26. b4 Bg7 27. c5 bxc5 28. bxc5 dxc5 29. Bxc5 Rfc8 30. Bb5 Qd8 31.
Qe3 a6 32. Ba4 Nd7 33. Nf3 Nxc5 34. Qxc5 Bf8 35. Qc4 Bg7 36. Re3 Bf6 37. Rec3
g4 38. Ne1 h5 39. Nd3 h4 40. Ne2 Bh5 41. Nc5 Qd6 42. Nb7 Qb6 43. Rb3 Qa7 44.
Bd7 Rcb8 45. Qxc7 g3 46. Bf5+ Kh6 47. Rb6 Bxe2 48. Rxf6+ Kg5 49. Rb6 Rxb7 50.
Qxb7 gxf2+ 51. Kxf2 Nxf5 52. Kxe2 Nd4+ 53. Kf1 Nb5 54. Qxa7 Rxa7 55. Rcc6 Kf4
56. d6 Kxe4 57. Rxa6 Rf7+ 58. Ke1 Nd4 59. Rc7 Rf8 60. d7 Rd8 61. Rh6 Nb5 62.
Rb7 Nd6 63. Rxd6 1-0

[Event "Mechanics' Spring TNM; 30/90, SD/30"]
[Site "San Francisco"]
[Date "2012.03.27"]
[Round "3.14"]
[White "Sherwood, Peter"]
[Black "Ledford, Steven"]
[Result "0-1"]
[WhiteElo "1727"]
[BlackElo "1944"]
[PlyCount "152"]
[EventDate "2012.??.??"]

1. e4 c5 2. Nf3 Nc6 3. d4 cxd4 4. Nxd4 Nf6 5. Nc3 d6 6. f3 e5 7. Nb3 Be6 8. Be3
d5 9. exd5 Nxd5 10. Nxd5 Bxd5 11. Bd3 Be7 12. O-O O-O 13. Qe2 Qc7 14. c3 Kh8
15. Rad1 Rad8 16. Qc2 g6 17. Bh6 Rfe8 18. Nd2 Bf8 19. Bg5 Rd7 20. Rfe1 Bg7 21.
Re2 Rf8 22. Nb3 b6 23. Red2 Be6 24. Bb5 f6 25. Be3 Rfd8 26. Qe4 Rxd2 27. Rxd2
Rxd2 28. Bxd2 Ne7 29. Be3 Bd5 30. Qd3 Be6 31. Qd2 Kg8 32. Bd3 Nf5 33. Bf2 Bh6
34. Qe2 Ng7 35. Be3 Bxe3+ 36. Qxe3 Bc4 37. Nc1 Ne6 38. g3 Bxd3 {draw offer} 39.
Nxd3 Nc5 40. Nxc5 bxc5 41. Qd2 c4 42. Kf2 Kf7 43. Qd5+ Kg7 44. Ke2 Qb6 45. Qd7+
Kh6 46. Qd2+ Kg7 47. Kd1 f5 48. Kc2 Qc6 49. Qe3 e4 50. Qxa7+ Kf6 51. Qd4+ Kf7
52. fxe4 fxe4 53. b3 cxb3+ 54. axb3 Qa8 55. c4 Qa2+ 56. Qb2 Qa7 57. b4 Qf2+ 58.
Kc3 Qe3+ 59. Kc2 Qd3+ 60. Kc1 e3 61. c5 Qf1+ 62. Kc2 Qe2+ 63. Kc3 Qxb2+ 64.
Kxb2 e2 65. Kb3 e1=Q 66. Ka4 Qe4 67. Kb5 Ke7 68. Ka5 Qa8+ 69. Kb6 Kd7 70. b5
Qb8+ 71. Ka6 Kc7 72. Ka5 Qa8+ 73. Kb4 Qd5 74. h3 Qd4+ 75. Ka5 Qxc5 76. g4 Qa3#
0-1

[Event "Mechanics' Summer TNM; 30/90, SD/30"]
[Site "San Francisco"]
[Date "2012.05.22"]
[Round "1.2"]
[White "Sherwood, Peter"]
[Black "Lee, Andy"]
[Result "0-1"]
[WhiteElo "1782"]
[BlackElo "2305"]
[PlyCount "72"]
[EventDate "2012.??.??"]

1. e4 e5 2. Nf3 Nc6 3. Bb5 a6 4. Ba4 Nf6 5. O-O b5 6. Bb3 Bc5 7. c3 d6 8. d4
Bb6 9. dxe5 dxe5 10. Qxd8+ Nxd8 11. Nxe5 O-O 12. Re1 Bb7 13. Bc2 Ne6 14. Kf1
Rad8 15. Nd2 Rfe8 16. Nb3 c5 17. f3 (17. Be3 {(Lee)}) 17... c4 18. Nd2 h5 19.
g3 Nc5 20. f4 Ng4 21. Nxg4 hxg4 22. e5 Nd3 23. Re2 f6 24. e6 Rd6 25. f5 Rd5 26.
Ne4 Rxf5+ 27. Bf4 Rxe6 28. Nf2 Rxe2 29. Kxe2 Nxf4+ 30. gxf4 Rxf4 31. Nh1 Bxh1
32. Rxh1 Rf2+ 33. Kd1 f5 34. Re1 Kf7 35. Re2 Kf6 36. Ke1 Rxe2+ 0-1

[Event "Mechanics' Summer TNM; 30/90, SD/30"]
[Site "San Francisco"]
[Date "2012.06.05"]
[Round "3.8"]
[White "Sherwood, Peter"]
[Black "Lopez, Jorge"]
[Result "0-1"]
[WhiteElo "1782"]
[BlackElo "2184"]
[PlyCount "72"]
[EventDate "2012.??.??"]

1. e4 c5 2. Nf3 e6 3. d4 cxd4 4. Nxd4 a6 5. Bd3 Qc7 6. Nc3 Nf6 7. Be3 b5 8. O-O
Bb7 9. Qf3 b4 10. Nce2 d5 11. Ng3 Nbd7 12. exd5 Nxd5 13. Qe2 Bd6 14. h3 Nxe3
15. Qxe3 Bxg3 16. Qxg3 Qxg3 17. fxg3 O-O 18. Rae1 Rac8 19. Rf2 Nc5 20. Re3 Rfd8
21. Nf3 Nxd3 22. cxd3 Bd5 23. b3 Rc3 24. Ne5 f6 25. Nf3 e5 26. g4 a5 27. Rfe2
Bxf3 28. gxf3 Rcxd3 29. Rxd3 Rxd3 30. Kf2 Rc3 31. Rd2 e4 32. fxe4 Rxh3 33. Kg2
Re3 34. Kf2 Rxe4 35. Kf3 Re5 36. Rd7 h5 0-1

[Event "Mechanics' Mar TNM; 30/90, SD/30"]
[Site "San Francisco"]
[Date "2012.09.18"]
[Round "8.8"]
[White "Sherwood, Peter"]
[Black "Nagarajan, Pranav"]
[Result "0-1"]
[WhiteElo "1784"]
[BlackElo "1954"]
[PlyCount "78"]
[EventDate "2012.??.??"]

1. e4 c5 2. Nf3 Nc6 3. d4 cxd4 4. Nxd4 g6 5. Nc3 Bg7 6. Be3 Nf6 7. Bc4 Qa5 8.
O-O O-O 9. f4 Qb4 10. Bb3 Nxe4 11. Nxc6 bxc6 12. a3 Nxc3 13. axb4 Nxd1 14.
Rfxd1 Bxb2 15. Rxa7 Rxa7 16. Bxa7 Bc3 17. Rd3 Bxb4 18. c3 Bd6 19. Rf3 Kg7 20.
Bd4+ f6 21. f5 c5 22. Be3 Bb7 23. Rf1 Bc6 24. fxg6 hxg6 25. Rd1 Rb8 26. Bc2 Rb2
27. Rd2 Be5 28. Bxc5 Ba4 29. Bxa4 Rxd2 30. Bxe7 Bxc3 31. Kf1 d5 32. Bd6 Be5 33.
Bxe5 fxe5 34. Bb5 Kf6 35. Be2 e4 36. Ke1 e3 37. h4 d4 38. g4 d3 39. Bf3 Ra2 0-1

[Event "Mechanics' Winter TNM; 30/90, SD/30"]
[Site "San Francisco"]
[Date "2012.02.21"]
[Round "8.5"]
[White "Sherwood, Peter"]
[Black "Ochoa, Jason"]
[Result "1-0"]
[WhiteElo "1769"]
[BlackElo "1906"]
[PlyCount "121"]
[EventDate "2012.??.??"]

1. e4 c5 2. Nf3 g6 3. Nc3 Bg7 4. Bc4 Nc6 5. d3 e6 6. Bf4 Nge7 7. Qd2 d5 8. Bb3
O-O 9. Bh6 Na5 10. Bxg7 Kxg7 11. h4 h5 12. O-O-O Nxb3+ 13. axb3 Qa5 14. Kb1 d4
15. Ne2 Qxd2 16. Nxd2 b5 17. b4 cxb4 18. Nxd4 Bd7 19. N2f3 f6 20. e5 Nc6 21.
exf6+ Rxf6 22. Nxb5 e5 23. Nc7 Rd8 24. Nd5 Rf7 25. Ne3 Bg4 26. Nxg4 hxg4 27.
Ng5 Rf6 28. Ne4 Rf5 29. Rd2 a5 30. Re1 a4 31. Nc5 Ra8 32. Re4 Ra5 33. Rc4 Nd4
34. Ne4 b3 35. c3 Nc2 36. Rxc2 bxc2+ 37. Kxc2 a3 38. bxa3 Rxa3 39. Kb2 Ra7 40.
Rc5 Rd7 41. Kc2 Kf8 42. Rc6 Kg7 43. Kd2 Rh5 44. Nf6 Ra7 45. Nxh5+ gxh5 46. Ke3
Ra2 47. g3 Rc2 48. c4 Ra2 49. Re6 Ra5 50. Rd6 Ra2 51. c5 Ra1 52. c6 Rc1 53. Ke4
Rc5 54. Re6 Rc2 55. Kxe5 Rxf2 56. c7 Rc2 57. Kd6 Kf7 58. Re5 Rc3 59. d4 Rc4 60.
d5 Kf6 61. Re8 1-0

[Event "Mechanics' Summer TNM; 30/90, SD/30"]
[Site "San Francisco"]
[Date "2012.07.03"]
[Round "7.11"]
[White "Sherwood, Peter"]
[Black "Shi, Jaysen"]
[Result "0-1"]
[WhiteElo "1782"]
[BlackElo "1537"]
[PlyCount "64"]
[EventDate "2012.??.??"]

1. e4 e6 2. d4 d5 3. Nc3 Bb4 4. e5 c5 5. a3 Bxc3+ 6. bxc3 Ne7 7. Qg4 Qc7 8.
Qxg7 Rg8 9. Qxh7 cxd4 10. Ne2 Nbc6 11. f4 dxc3 12. Qd3 d4 13. Nxd4 Nxd4 14.
Qxd4 Bd7 15. Rb1 Nf5 16. Qb4 b6 17. Rg1 a5 18. Qe4 Rd8 19. g4 Qc5 20. Qg2 Bc6
21. Qxc6+ Qxc6 22. Bb5 Qxb5 23. Rxb5 Nd4 24. Rxb6 Nf3+ 25. Kf2 Nxg1 26. Kxg1
Rd1+ 27. Kf2 Rxc1 28. Rb8+ Kd7 29. Rxg8 Rxc2+ 30. Ke3 Rd2 31. Ra8 Rd1 32. Rxa5
c2 0-1

[Event "Mechanics' Winter TNM; 30/90, SD/30"]
[Site "San Francisco"]
[Date "2012.01.17"]
[Round "3.17"]
[White "Sherwood, Peter"]
[Black "Soul, Rob"]
[Result "1-0"]
[WhiteElo "1769"]
[BlackElo "1320"]
[PlyCount "59"]
[EventDate "2012.??.??"]

1. e4 c5 2. Nf3 Nc6 3. d4 cxd4 4. Nxd4 Nf6 5. Nc3 g6 6. Be3 Bg7 7. f3 d6 8. Qd2
O-O 9. O-O-O Re8 10. g4 Qc7 11. h4 h5 12. gxh5 Nxh5 13. Nd5 Qd7 14. Bh3 e6 15.
Ne2 Ne5 16. Nd4 Nc4 17. Qd3 Qa4 18. Nc3 Qa6 19. Ndb5 Nxe3 20. Qxe3 Kh7 21. Kb1
Qa5 22. Nxd6 Rf8 23. Bg4 Bh6 24. Qe1 Nf4 25. e5 Ng2 26. Qe4 f5 27. exf6 Rxf6
28. Nxc8 Rxc8 29. Qxb7+ Rc7 30. Rd7+ 1-0

[Event "Mechanics' Fall TNM; 30/90, SD/30"]
[Site "San Francisco"]
[Date "2012.11.27"]
[Round "7.6"]
[White "Sherwood, Peter"]
[Black "Todortsev, Victor"]
[Result "0-1"]
[WhiteElo "1780"]
[BlackElo "1940"]
[Annotator "Donaldson"]
[PlyCount "112"]
[EventDate "2012.??.??"]

1. e4 e5 2. Nf3 Nc6 3. Bb5 a6 4. Ba4 Nf6 5. O-O Be7 6. Re1 d6 7. h3 (7. c3 Bg4
8. d3 O-O 9. Nbd2) 7... O-O 8. c3 g6 (8... b5 9. Bb3 (9. Bc2) 9... Na5) 9. d3 (
9. d4) 9... Nh5 10. Bh6 Ng7 11. Nbd2 (11. d4) 11... f5 12. Bb3+ Kh8 13. exf5
gxf5 14. Qe2 Rf6 15. Bxg7+ Kxg7 16. Ng5 (16. Bd5 Bd7 17. Nd4 exd4 18. Bxc6)
16... h6 17. Ngf3 Rg6 18. Kh2 Be6 19. Bxe6 Rxe6 20. Qd1 Rg6 21. Qb3 Qd7 22. Qd5
(22. Qxb7 Rb8 23. Qxa6 Rxb2 24. Rab1) 22... Qe6 (22... Rg8) 23. Qxe6 Rxe6 24.
Re2 (24. b4) 24... Bf6 25. Rae1 Rae8 26. Nc4 f4 27. Ncd2 R6e7 28. Ne4 d5 29.
Nc5 b6 30. Nb3 (30. Nxa6 Ra8 31. Nb4 Nxb4 32. cxb4 Rxa2 33. Nxe5 Bxe5 34. Rxe5
Rxe5 35. Rxe5 Rxb2 36. Rxd5 Rxb4 37. Rd7+ Kf6 38. Rxc7) 30... e4 (30... Nd8 31.
Kg1 c5) 31. dxe4 dxe4 32. Nfd2 e3 33. fxe3 fxe3 34. Nf3 a5 35. Kg3 (35. a4 Re4)
35... a4 36. Nbd4 Nxd4 37. Nxd4 Re4 38. Nf5+ (38. Kf3 Bxd4 39. cxd4 Rxd4 40.
Rxe3) 38... Kg6 39. Nxe3 Bh4+ 40. Kf3 Bxe1 41. Rxe1 h5 42. g3 b5 43. Re2 c5 44.
Kf2 b4 45. cxb4 cxb4 46. Kf3 a3 47. bxa3 bxa3 48. Kf2 Rf8+ 49. Ke1 Rb8 50. Nd1
Rxe2+ 51. Kxe2 Rb2+ 52. Kd3 Rxa2 53. Kc3 Rg2 54. g4 hxg4 55. hxg4 a2 56. Kb3
a1=Q 0-1

[Event "Mechanics' Spring TNM; 30/90, SD/30"]
[Site "San Francisco"]
[Date "2012.04.17"]
[Round "6.13"]
[White "Sherwood, Peter"]
[Black "Todortsev, Victor"]
[Result "1/2-1/2"]
[WhiteElo "1727"]
[BlackElo "1967"]
[PlyCount "83"]
[EventDate "2012.??.??"]

1. e4 c5 2. Nf3 d6 3. d4 cxd4 4. Nxd4 Nf6 5. Nc3 Nc6 6. Be3 g6 7. f3 Bg7 8. Qd2
O-O 9. O-O-O Nxd4 10. Bxd4 Be6 11. Kb1 a6 12. g4 b5 13. g5 b4 14. gxf6 bxc3 15.
fxe7 Qxe7 16. Bxc3 Bxc3 17. Qxc3 Rfc8 18. Qa3 Qc7 19. Bd3 d5 20. h4 h5 21. Qa4
Rab8 22. b3 Qc3 23. Rh2 Rc5 24. Qa3 dxe4 25. Bxe4 Bf5 26. Rhd2 Bxe4 27. fxe4
Re5 28. Rd3 Qc6 29. Rd8+ Rxd8 30. Rxd8+ Re8 31. Rxe8+ Qxe8 32. Qb4 Qe5 33. c3
Qf6 34. Qb8+ Kh7 35. Qg3 Qf1+ 36. Kc2 Qe2+ 37. Kb1 Qxe4+ 38. Kb2 Qg4 39. Qf2 f5
40. Kc2 f4 41. Kd2 Kh6 42. c4 {draw agreed} 1/2-1/2

[Event "Mechanics' Fall TNM; 30/90, SD/30"]
[Site "San Francisco"]
[Date "2012.10.30"]
[Round "3.5"]
[White "Sherwood, Peter"]
[Black "Traub, Igor"]
[Result "0-1"]
[WhiteElo "1780"]
[BlackElo "2118"]
[PlyCount "78"]
[EventDate "2012.??.??"]

1. e4 e6 2. d4 d5 3. Nc3 Bb4 4. e5 Ne7 5. a3 Bxc3+ 6. bxc3 c5 7. Qg4 Qc7 8.
Qxg7 Rg8 9. Qxh7 cxd4 10. Qd3 dxc3 11. Ne2 Nbc6 12. Qxc3 Bd7 13. g3 Qxe5 14.
Qxe5 Nxe5 15. Bg2 Rc8 16. c3 Nd3+ 17. Kf1 Bb5 18. Bf3 e5 19. Bd2 e4 20. Bh5 Nf5
21. Kg2 Nh4+ 22. Kf1 Nf5 23. Rb1 Ba6 24. Kg2 Nh4+ 25. Kf1 Nf5 26. Kg2 Nd6 27.
Nf4 Nc4 28. Nxd3 Nxd2 29. Rbd1 Bxd3 30. Rxd2 Rxc3 31. Ra1 b5 32. h4 Ke7 33. Be2
Bxe2 34. Rxe2 f5 35. Re3 d4 36. Rxc3 dxc3 37. Rc1 Rc8 38. Kf1 a5 39. Ke2 b4 0-1

[Event "Mechanics' Summer TNM; 30/90, SD/30"]
[Site "San Francisco"]
[Date "2012.05.22"]
[Round "1.13"]
[White "Shi, Jaysen"]
[Black "Andries, Craig"]
[Result "0-1"]
[WhiteElo "1537"]
[BlackElo "1950"]
[PlyCount "135"]
[EventDate "2012.??.??"]

1. e4 g6 2. d4 Bg7 3. Nf3 d6 4. Nc3 c6 5. Bd3 Nd7 6. O-O a6 7. Re1 e5 8. dxe5
dxe5 9. Bc4 Qe7 10. Qe2 b5 11. Bb3 Nc5 12. Be3 Nf6 13. Bxc5 Qxc5 14. Rad1 O-O
15. h3 a5 16. Ng5 a4 17. Bxf7+ Rxf7 18. Nxf7 Kxf7 19. Rd2 a3 20. Nd1 axb2 21.
Nxb2 Rxa2 22. Nd3 Qc3 23. Rb1 Bh6 24. Rdd1 Be6 25. f3 Nd7 26. Nb4 Ra4 27. Rd3
Qc5+ 28. Qf2 Qc4 29. Qh4 Qc5+ 30. Kh1 Rxb4 31. Rxb4 Qxb4 32. Qxh6 Nf6 33. Qd2
Qxd2 34. Rxd2 Ke7 35. Kg1 Nh5 36. Kf2 Nf4 37. h4 Bc4 38. c3 Ne6 39. Kg3 h5 40.
Kf2 Bb3 41. g3 Nd8 42. f4 c5 43. Kf3 Nc6 44. fxe5 Nxe5+ 45. Kf4 Nf7 46. Rb2 Bc4
47. Rd2 Ke6 48. Rd1 b4 49. cxb4 cxb4 50. Rd4 Ne5 51. Ke3 b3 52. Rd2 Nd3 53. Kf3
b2 54. Rxb2 Nxb2 55. g4 Ke5 56. gxh5 gxh5 57. Ke3 Bd3 58. Kf3 Bxe4+ 59. Kg3 Nd3
60. Kh3 Kf4 61. Kh2 Kg4 62. Kg1 Kxh4 63. Kh2 Kg4 64. Kg1 Kg3 65. Kf1 h4 66. Kg1
h3 67. Kf1 h2 68. Ke2 0-1